000 00565nam a2200229Ia 4500
003 OSt
005 20220924135442.0
006 a|||||r|||| 00| 0
007 ta
008 220923b |||||||| |||| 00| 0 ben d
024 _a291256
037 _cTextual
040 _aARTS
_cARTS
_bben
041 _2ben
_aben
082 _aO157wM, K4
100 _aChakrabarty
245 0 _aUnapingsa shatabdir bangla sahitya
260 _c1964
650 _aBENGALI LITERATURE
942 _hO157wM, K4
_cTEXL
_2CC
999 _c440768
_d440768